Capital, income and product <the> economics of national accounting
Salvato in:
| Autore principale: | |
|---|---|
| Natura: | Libro |
| Lingua: | inglese |
| Pubblicazione: |
Marburg
Metropolis-Verlag
2017
|
| Serie: | Grundlagen der Wirtschaftswissenschaft
26 |
| Soggetti: | |
| Tags: |
Nessun Tag, puoi essere il primo ad aggiungerne!!
|
MARC
| LEADER | 00000nam a2200000 4500 | ||
|---|---|---|---|
| 001 | 0235905 | ||
| 005 | 20240221112615.4 | ||
| 020 | |a 978-3-7316-1271-1 | ||
| 041 | 0 | |a eng | |
| 044 | |a DE | ||
| 245 | 1 | 0 | |a Capital, income and product |b <the> economics of national accounting |c Utz-Peter Reich |
| 264 | 1 | |a Marburg |b Metropolis-Verlag |c 2017 | |
| 300 | |a 271 s. | ||
| 490 | 1 | |a Grundlagen der Wirtschaftswissenschaft |v 26 | |
| 830 | 0 | |a Grundlagen der Wirtschaftswissenschaft |v 26 | |
| 610 | 2 | 0 | |a účtovníctvo národné |
| 610 | 2 | 0 | |a účty národné |
| 610 | 2 | 0 | |a rast hospodársky |
| 610 | 2 | 0 | |a Francúzsko |
| 610 | 2 | 0 | |a Nemecko |
| 610 | 2 | 0 | |a kapitál |
| 610 | 2 | 0 | |a príjmy |
| 610 | 2 | 0 | |a nerovnosť dôchodková |
| 610 | 2 | 0 | |a nerovnosť príjmová |
| 610 | 2 | 0 | |a produkcia |
| 610 | 2 | 0 | |a obchod medzinárodný |
| 100 | 1 | |a Reich, Utz-Peter | |